Digits of Pi 200-300 - Statistics

General Stats
  • This quiz has been taken 885 times
  • The average score is 56 of 100
Answer Stats
Answer % Correct
4
99%
4
94%
2
92%
8
91%
8
91%
1
90%
0
87%
9
86%
5
84%
7
84%
6
83%
6
83%
5
82%
3
81%
3
81%
4
81%
9
81%
4
80%
1
77%
6
77%
2
72%
4
71%
8
71%
7
70%
5
69%
6
68%
2
66%
4
66%
8
66%
3
64%
3
63%
7
63%
8
61%
6
60%
7
60%
8
58%
1
57%
3
57%
5
57%
6
57%
2
54%
7
54%
0
53%
0
53%
1
53%
1
53%
1
53%
2
53%
9
53%
9
53%
2
48%
4
48%
4
48%
5
48%
5
48%
6
48%
6
48%
6
48%
8
48%
9
48%
3
47%
4
47%
0
46%
3
46%
4
46%
6
46%
6
46%
8
46%
0
44%
1
44%
2
42%
3
42%
4
42%
4
42%
4
42%
5
42%
6
42%
6
42%
1
41%
2
41%
8
41%
3
40%
3
40%
9
40%
3
39%
6
39%
0
38%
7
38%
0
37%
1
37%
1
37%
2
37%
2
37%
2
37%
3
37%
4
37%
4
37%
6
37%
7
37%
9
37%
No matching quizzes found
Score Distribution
Percent of People with Each Score
Percentile by Number Answered
Your Score History
You have not taken this quiz